Čárové kódy Automatická identifikace
Saved in:
| Main Author: | |
|---|---|
| Other Authors: | , |
| Format: | Book |
| Language: | Czech |
| Published: |
Praha
Grada
1994
|
| Edition: | 1. vyd. |
| Subjects: | |
| Tags: |
No Tags, Be the first to tag this record!
|
MARC
| LEADER | 00000nam a2200000 4500 | ||
|---|---|---|---|
| 001 | c005721 | ||
| 005 | 20221205140420.1 | ||
| 020 | |a 80-85623-66-8 | ||
| 041 | 0 | |a cze | |
| 044 | |a CZ | ||
| 245 | 1 | 0 | |a Čárové kódy |b Automatická identifikace |c Adriana Benadiková, Štefan Mada, Stanislav Weinlich |
| 250 | |a 1. vyd. | ||
| 264 | 1 | |a Praha |b Grada |c 1994 | |
| 300 | |a 252 s. | ||
| 610 | 2 | 0 | |a kódy |
| 610 | 2 | 0 | |a kódovanie |
| 610 | 2 | 0 | |a spracovanie dát automatické |
| 610 | 2 | 0 | |a využitie počítačov |
| 100 | 1 | |a Benadiková, Adriana | |
| 700 | 1 | |a Mada, Štefan | |
| 700 | 1 | |a Weinlich, Stanislav | |